000
00289nam a22001337a 4500
008
170928b xxu||||| |||| 00| 0 eng d
020
_a
9780395970454
041
_a
eng
080
_a
37
100
_a
47
101
_a
WSU
245
_a
SPELLING VOCABULARY
_c
MIFFLIN.H
942
_2
udc
_c
BK
999
_c
30420
_d
30420